00565 a2200145 4500020001700000082001700017100002500034245010600059260005200165300003600217650002700253650002900280999001300309952009700322 a013317025X : a620.0042 HUG aHughes, Thomas J. R. aThe finite element method :blinear static and dynamic finite element analysis /cThomas J.R. Hughes. aEnglewood Cliffs, N.J. :bPrentice-Hall,c1987. axxvii, 803 p. :bill. ;c25 cm. aFinite element method. aBoundary value problems. c738d738 00104070aNITbNITcCEd0000-00-00l0o620.0042 HUGpNIT-4109 r2017-01-05w2017-01-05yBK